تخطي إلى المحتوى
Inicio
Centros participantes
Catálogo
Servicios
Contacto
تسجيل الدخول
English
Deutsch
Español
Français
Italiano
日本語
Nederlands
Português
Português (Brasil)
中文(简体)
中文(繁體)
Türkçe
עברית
Gaeilge
Cymraeg
Ελληνικά
Català
Euskara
Русский
Čeština
Suomi
Svenska
polski
Dansk
slovenščina
اللغة العربية
বাংলা
Galego
Tiếng Việt
Hrvatski
हिंदी
Հայերէն
Українська
Sámegiella
اللغة
كل الحقول
العنوان
المؤلف
الموضوع
رقم الاستدعاء
ردمك/تدمد
الوسم
ابحث
بحث متقدم
Algunos efectos socioeducativo...
استشهد بهذا
أرسل هذا بالبريد الإلكتروني
طباعة
تصدير التسجيلة
تصدير إلى RefWorks
تصدير إلى EndNoteWeb
تصدير إلى EndNote
أضف إلى المفضلة
رابط دائم
إضافة أول تقييم
Algunos efectos socioeducativos en México por la apresurada firma del TLC /
محفوظ في:
التفاصيل البيبلوغرافية
المؤلف الرئيسي:
Martínez Jiménez, Alejandro
التنسيق:
نص
الموضوعات:
MEXICO
الوسوم:
إضافة وسم
لا توجد وسوم, كن أول من يضع وسما على هذه التسجيلة!
المقتنيات
الوصف
التعليقات
مواد مشابهة
عرض للأخصائي
MARC
LEADER
00000 a a2200000 04500
001
45898
003
040
100
|a
Martínez Jiménez, Alejandro
245
|a
Algunos efectos socioeducativos en México por la apresurada firma del TLC /
|c
Alejandro Martínez Jiménez
650
|a
MEXICO
773
|g
número71 (1994), páginas 12-15
999
|c
28891
|d
28891
مواد مشابهة
Después de la firma del TLC: los días que vienen /
حسب: Barahona, Amaru
Contexto cultural y socioeducativo de la educación social /
حسب: Pérez Serrano, Gloria
منشور في: (1990)
Impactos del TLC: proyectos del Eximbank sobre la producción petrolera de México /
حسب: Barbosa Cano, Fabio
Impactos del TLC: proyectos del Eximbank sobre la producción petrolera de México /
حسب: Barbosa Cano, Fabio
El TLC y la nueva cultura laboral /
حسب: Campos Aragón, Leticia